[Event "Warsaw Maciei Memorial"]
[Site "Warsaw"]
[Date "2023.07.10"]
[Round "10"]
[White "Wojtas, Jan"]
[Black "Karut, Kacper"]
[Result "0-1"]
[WhiteElo "1297"]
[BlackElo "2051"]
[PlyCount "58"]
[EventDate "2023.07.10"]
[EventType "swiss (blitz)"]
[EventRounds "11"]
[EventCountry "POL"]
[SourceTitle "CBM 215 Extra"]
[Source "ChessBase"]
[SourceDate "2023.09.30"]
[SourceVersion "1"]
[SourceVersionDate "2023.09.30"]
[SourceQuality "1"]

1. e4 c5 2. Nf3 Nc6 3. Bb5 d5 4. exd5 Qxd5 5. Nc3 Qe6+ 6. Qe2 Qxe2+ 7. Nxe2 Bd7 8. a4 e6 9. d3 Nf6 10. 0-0 Be7 11. Re1 0-0 12. Bf4 Rac8 13. c3 Rfd8 14. Rad1 Nd5 15. Bg3 Bf6 16. Bc4 Nb6 17. Bb3 Na5 18. Bc2 Bxa4 19. Bxa4 Nxa4 20. Ra1 b5 21. b3 Nxb3 22. Ra3 Na5 23. d4 cxd4 24. Nfxd4 Nc4 25. Rb3 a6 26. Rc1 Nc5 27. Rbb1 e5 28. Nf5 Rd2 29. Kf1 Rcd8 0-1